000 00478nam a2200169Ia 4500
001 23926
005 20260414151010.0
008 260414t2015||||xx |||||||||||||| ||spa||
041 _aESP
082 _a720.9854
_bR63
100 _aRĂ­os Vizcarra, Gonzalo
_eAUT
245 0 _aArequipa como paradigma :
_bintrospecciones americanas de inicios del siglo XX en busca de una arquitectura propia
260 _c2015
650 _aABD
654 _aCAU
942 _cLIB
_dJUS
_fJUS
_2ddc
_n
999 _c23926
_d23926